000 00658nam a22002297a 4500
999 _c375690
_d375690
001 89395
003 UA-OsUOA
005 20191227105639.0
007 ta
008 20121106b un ||||| |||| 00| 0 ukr d
040 _aUA-OsUOA
_bukr
_cUA-OsUOA
_dUA-OsUOA
041 _aukr
080 _a821.161.2
090 _a821.161.2
_bГ84
100 _aГримайло Я.В.
245 _aДобропроходець: зачарований на схід
_bРоман. Повість
260 _aК.
_bДніпро
_c1985
300 _a421 с.
650 7 _a82 Література. Літературознавство
_2UDC
942 _cBK
_2udc
955 _a3